NFC Teams by Way of Cheering - Statistics

General Stats
  • This quiz has been taken 58 times
  • The average score is 10 of 16
Answer Stats
Hint Answer % Correct
Bang, niner gang! 49ers
93%
Fly, ___, Fly! Eagles
88%
Da ____! Bears
84%
SKOL! Vikings
77%
12s Seahawks
72%
Big Red Cardinals
70%
Fight for our ______! Fight for old DC! Commanders
65%
Go, ___, Go! Packers
65%
Who dat! Saints
65%
___pede! Rams
63%
____ Pride Lions
53%
Keep pounding! Panthers
49%
Rise up! Falcons
42%
We want Willie! Giants
35%
_-_-_-_-_-_-_-_-_-_...Go ____! Bucs
33%
Rhythm and blue Cowboys
28%
No matching quizzes found
Score Distribution
Percent of People with Each Score
Percentile by Number Answered
Your Score History
You have not taken this quiz